000 00503nam a22001697a 4500
003 PILC
005 20240802155419.0
008 130919t xxu||||| |||| 00| 0 eng d
020 _a9780836223019
050 _aTD171.7
_b.N48 2009
082 _aGS 363.7
_bEa7 1990
245 _a50 simple things kids can do to save the earth / The Earth Works Group
_c Montez, Michelle
260 _aKansas City :
_b Andrews and McMeel,
_cc1990.
300 _a155 p.
_c22 cm.
942 _2lcc
_cBK
999 _c11689
_d11689